000 00877nas a2200265 4500
001 BR0807649
003 BR-BrBNA
005 20231205112728.0
007 ta
008 230509b bl.|||p| |||| 00| 00por d
040 _aBR-BrBNA
_bpor
_cBiblioteca Nacional de Agricultura
041 _a(Pt)
072 _aQ70
100 1 _aCosta, V.M.
100 1 _aBasso, T.O.
100 1 _aAngeloni, L.H.P.
100 1 _aOetterer, M.
100 1 _aBasso, L.C.
245 1 _aProduções de ácido acético, etanol e dos isômeros óticos do ácido lático por linhagens de Lactobacillus isoladas de fermentações alcoólicas industriais
650 _aETANOL
650 _aRESÍDUO INDUSTRIAL
773 0 _tCiência e Agrotecnologia (Brazil)
_xISSN 1413-7054
_g(Mar-Apr 2008), v. 32(2) p. 503-509
_wBR0807649
909 _a202311
_bLúcia
_c55
_dLúcia Elande
942 _2AGRIS
_n0
_cANA
999 _c199632
_d199632